|
|
|
|
| LEADER |
00000cam a2200000 7i4500 |
| 001 |
0000013969 |
| 005 |
20080214.0 |
| 008 |
080214 |
| 020 |
|
|
|a 9832311357
|
| 090 |
0 |
0 |
|a 499.235
|b ABD
|
| 100 |
0 |
|
|a Abdullah Hassan
|
| 245 |
1 |
0 |
|a Tatabahasa bahasa melayu :
|b morfologi dan sintaksis untuk guru dan pelajar
|c Abdullah Hassan
|
| 260 |
|
|
|a Pahang :
|b PTS Publications & Distributors ,
|c 2001
|
| 440 |
|
|
|a Siri pendidikan bahasa
|
| 650 |
|
0 |
|a Malay language
|x Morphology
|x Study and teaching
|
| 650 |
|
0 |
|a Malay language
|x Syntax
|x Study and teaching
|
| 999 |
|
|
|a 0000910415
|b Book
|c Adult Collection
|e Cawangan Bandar Tenggara
|
| 999 |
|
|
|a 0000923682
|b Book
|c Adult Collection
|e Cawangan Bukit Gambir
|
| 999 |
|
|
|a 0000923684
|b Book
|c Adult Collection
|e Cawangan Bukit Gambir
|
| 999 |
|
|
|a 0000932946
|b Book
|c Adult Collection
|e Cawangan Tangkak
|
| 999 |
|
|
|a 0000932947
|b Book
|c Adult Collection
|e Cawangan Tangkak
|
| 999 |
|
|
|a 0001012952
|b Book
|c Adult Collection
|e Cawangan Segamat
|
| 999 |
|
|
|a 0001012953
|b Book
|c Adult Collection
|e Cawangan Batu Pahat
|
| 999 |
|
|
|a 0001012954
|b Book
|c Adult Collection
|e Cawangan Segamat
|
| 999 |
|
|
|a 0001012955
|b Book
|c Adult Collection
|e Perbadanan Perpustakaan Awam Johor
|
| 999 |
|
|
|a 0001012956
|b Book
|c Adult Collection
|e Perbadanan Perpustakaan Awam Johor
|
| 999 |
|
|
|a 0001071299
|b Book
|c Adult Collection
|e Cawangan Taman Sri Lambak
|
| 999 |
|
|
|a 0001071354
|b Book
|c Adult Collection
|e Cawangan Bandar Penawar
|